El infantil

Gespeichert in:
Bibliographische Detailangaben
Format: keine Angabe
Sprache:Spanisch
Erschienen: Madrid Bruño 1949
Katalog:MANES:  Suchergebnis im Bibliothekskatalog
Schulbuchspezifische Eigenschaften:
Tags: Tag hinzufügen
Keine Tags, Fügen Sie den ersten Tag hinzu!
Hinzugefügt zu:26.04.2016

MARC

LEADER 000000000a22000000004500
001 00040
003 OSt
008 160427s sp ||||| |||| 00| 0 spa d
040 |c centro_manes 
041 1 |a spa 
691 7 |a IN  |a PRI 
245 0 0 |a El infantil 
260 3 |a Madrid  |b Bruño  |c 1949 
300 |a 79 p.  |c 21x16 cm 
500 |a En portada se ha tachado el número de la edición y se ha corregido por "Nueva edición". Contiene varias correcciones en el texto. Fecha de publicación tomada del Copyright 
690 0 |a EyL 
942 |2 ddc  |c BK 
546 |a España 
999 |c 6014  |d 6014 
999 |c manes:6014  |d 6014